000 00469nam a2200193Ia 4500
005 20250425161035.0
008 250425s9999 xx 000 0 und d
041 _aeng
082 _a621.31042
100 _aMOORE, ARTHUR HADDON
245 0 _aELECTRICAL SYSTEMS AND EQUIPMENT FOR INDUSTRY
250 _aS.E.
260 _aEstados Unidos
_bVANN
_c1971
260 _aNEW YORK
300 _a358
700 _aELONKA, STEPHEN M.
942 _c01
010 _a11181
999 _c201216
_d201216